Online katalóg knižníc regiónu Turca

Violettin tajný denník (Record no. 21519)

MARC details
000 -LEADER
fixed length control field 01885cam a2200553 a 4500
001 - CONTROL NUMBER
control field 21519
003 - CONTROL NUMBER IDENTIFIER
control field VRT
005 - DATE AND TIME OF LATEST TRANSACTION
control field 20260303145636.0
008 - FIXED-LENGTH DATA ELEMENTS--GENERAL INFORMATION
fixed length control field 160610s2014 xr ao j 000 j slo
015 ## - NATIONAL BIBLIOGRAPHY NUMBER
National bibliography number SNBZSA2015
020 ## - INTERNATIONAL STANDARD BOOK NUMBER
International Standard Book Number 9788025230022 (viaz.)
035 ## - SYSTEM CONTROL NUMBER
System control number 6A357588-02C1-473F-BC00-BAD14FEAAEE7
035 ## - SYSTEM CONTROL NUMBER
System control number urn:nbn:sk:snk-aml5zh
035 ## - SYSTEM CONTROL NUMBER
System control number urn:nbn:sk:snk-am008v44
039 #9 - LEVEL OF BIBLIOGRAPHIC CONTROL AND CODING DETAIL [OBSOLETE]
Level of rules in bibliographic description 201606101711
Level of effort used to assign nonsubject heading access points VLOAD
Level of effort used to assign subject headings 201604291814
Level of effort used to assign classification VLOAD
Level of effort used to assign subject headings 201604281040
Level of effort used to assign classification VLOAD
Level of effort used to assign subject headings 201511021159
Level of effort used to assign classification msnk17
040 ## - CATALOGING SOURCE
Original cataloging agency POKPOH
Language of cataloging slo
Transcribing agency POKPOH
Modifying agency SNK
Description conventions AACR2
041 1# - LANGUAGE CODE
Language code of text/sound track or separate title slo
Language code of original ita
044 ## - COUNTRY OF PUBLISHING/PRODUCING ENTITY CODE
MARC country code xr
ISO country code CZ
072 #7 - SUBJECT CATEGORY CODE
Subject category code 821-93
Subject category code subdivision Literatúra pre deti a mládež (beletria)
Source konspekt
080 ## - UNIVERSAL DECIMAL CLASSIFICATION NUMBER
Universal Decimal Classification number 821-93
Edition identifier 2001
080 ## - UNIVERSAL DECIMAL CLASSIFICATION NUMBER
Universal Decimal Classification number 821-32
Edition identifier 2001
080 ## - UNIVERSAL DECIMAL CLASSIFICATION NUMBER
Universal Decimal Classification number (0:82-94)
Edition identifier 2001
130 0# - MAIN ENTRY--UNIFORM TITLE
Uniform title Violetta, II mio diario un anno dopo.
Language of a work Slovensky
245 10 - TITLE STATEMENT
Title Violettin tajný denník
Remainder of title nová sezóna
Number of part/section of a work [2]
Statement of responsibility, etc. [preklad: Eva Krupová]
250 ## - EDITION STATEMENT
Edition statement 1. vyd.
260 ## - PUBLICATION, DISTRIBUTION, ETC.
Place of publication, distribution, etc. Praha
Name of publisher, distributor, etc. Egmont ČR
Date of publication, distribution, etc. 2014
300 ## - PHYSICAL DESCRIPTION
Extent 192 s.
Other physical details fareb. ilustr. a fotogr.
Dimensions 23 cm
490 1# - SERIES STATEMENT
Series statement Disney. Violetta
500 ## - GENERAL NOTE
General note Pravdepodobne preložené z taliančiny
500 ## - GENERAL NOTE
General note Podľa úspešného seriálu z produkcie Disney Channel
500 ## - GENERAL NOTE
General note Copyright Disney Enterprises
500 ## - GENERAL NOTE
General note Chybný názov na obale: Vilolettin tajný denník
521 1# - TARGET AUDIENCE NOTE
Target audience note Nevhodné pre deti do 3 rokov
655 #7 - INDEX TERM--GENRE/FORM
Genre/form data or focus term príbehy
Source of term SNKPH
655 #7 - INDEX TERM--GENRE/FORM
Genre/form data or focus term publikácie pre mládež
Source of term SNKPH
655 #7 - INDEX TERM--GENRE/FORM
Genre/form data or focus term fiktívne denníky
Source of term SNKPH
655 #7 - INDEX TERM--GENRE/FORM
Genre/form data or focus term Stories
Source of term SNKPHeng
655 #7 - INDEX TERM--GENRE/FORM
Genre/form data or focus term Juvenile literature
Source of term SNKPHeng
655 #7 - INDEX TERM--GENRE/FORM
Genre/form data or focus term Imaginary diaries
Source of term SNKPHeng
700 1# - ADDED ENTRY--PERSONAL NAME
Personal name Krupová, Eva,
Dates associated with a name 1941-
Relationship trl
830 #0 - SERIES ADDED ENTRY--UNIFORM TITLE
Uniform title Disney. Violetta
910 ## - USER-OPTION DATA (OCLC)
User-option data pokpoh
910 ## - USER-OPTION DATA (OCLC)
User-option data hevk
910 ## - USER-OPTION DATA (OCLC)
User-option data totk
910 ## - USER-OPTION DATA (OCLC)
User-option data skpk
910 ## - USER-OPTION DATA (OCLC)
User-option data snk
942 ## - ADDED ENTRY ELEMENTS (KOHA)
Source of classification or shelving scheme Dewey Decimal Classification
Koha item type Krásna literatúra pre deti
Suppress in OPAC No
949 ## - LOCAL PROCESSING INFORMATION (OCLC)
6 17A1139595
a snkSC 163467
b snk2015/7526
o Pemic10-ah/22Int. č. fa – 10/2015
s 6100:20151104
Holdings
Stav vyradenia Strata Poškodenie Spôsob nadobudnutia Domovská knižnica Aktuálna knižnica Dátum nadobudnutia Total checkouts Čiarový kód exemplára Date last seen Typ exemplára
      Dar Obecná knižnica Horná Štubňa Obecná knižnica Horná Štubňa 03.03.2026   9788025230022 03.03.2026 Krásna literatúra pre deti
Projekt je podporený Slovenskou asociáciou knižníc
Prevádzkuje Turčianska knižnica Martin 2026